000 00338 a2200157 4500
001 150954
040 _cEscola São Tomás de Aquino
100 _aBANDEIRA, Pedro
240 1 0 _aAnjo da morte
_lpor
245 1 0 _aAnjo da morte
300 _a192
362 0 _a2014
440 1 _aModerna
697 _a*LITERATURA JUVENIL
942 _cBK
999 _c150954
_d150954